000
00206 a2200097 4500
001
32756
100
_a
245
_a
Logarithmatic Tables
260
_a
Karachi
_b
Air Headquarters
_c
090
_c
21950
_d
21950
942
_a
NUST-CAE
_c
M
_c
13281
999
_c
267829
_d
267829